Responses for show #6784 - Thursday, February 27, 2014

Arthur Chu game 8.

Contestants

[<< previous game]

Claire Tuley, a paralegal from Chattanooga, Tennessee

Chris Sánchez, a high school language arts teacher from Chaparral, New Mexico

Arthur Chu, a compliance analyst and voiceover artist from Broadview Heights, Ohio (whose 7-day cash winnings total $180,000)

[next game >>]

Jeopardy! Round responses

ALEX' HONKY-TONK SALOON
(Alex: Happy to welcome you in.)
5-LETTER WORDS
NAMING RIGHTS
SITCOM BY EPISODES
BENIN THERE
DONE THAT
    $200 27
[The end-of-round signal sounds.]

stud

Arthur
    $200 16
Parks and Recreation

Arthur
    $200 22
(Edmund) Hillary

Arthur
    $400 25
(Alex: Less than a minute to go now, Arthur.)

tuberculosis

Triple Stumper
    $400 24
toxic

Arthur
    $400 26
Grauman's

Arthur
    $400 15
South Park

Chris
    $400 23
a wind

Triple Stumper
    $400 21
Mary

Chris
    $600 18
Newton

Arthur
    $5,400 19
niche

Arthur
    $600 13
State Farm

Arthur
    $600 8
Entourage

Arthur
    $600 17
voodoo

Arthur
    $600 20
electrons

Claire
    $800 4
Buffalo Bill

Chris
    $800 11
klutz

Arthur
    $800 12
soccer

Chris
    $800 6
How I Met Your Mother

Claire
    $800 9
(Arthur: What are hyenas?)

the jackal

Arthur
Triple Stumper
    $800 1
Tchaikovsky

Arthur
    $1000 5
Camptown Races

Arthur
    $1000 3
(Alex: Change the "D" in "squid" to a "B" for [*].)

squib

Triple Stumper
    $1000 2
(Chris: What is Miracle-Gro?)
(Claire: What is Raid?)

Monsanto

ChrisClaire
Triple Stumper
    $1000 7
30 Rock

Claire
    $1000 14
butter

Claire
    $1000 10
Chile

Arthur

Scores at the first commercial break (after clue 15):

Arthur Chris Claire
$4,000 $1,000 $1,800

Scores at the end of the Jeopardy! Round:

Arthur Chris Claire
$12,000 $1,400 $2,400

Double Jeopardy! Round responses

U.S. GOVERNMENT
A 1980s BOOKSTORE
"M" IN THE MIDDLE
(Alex: The letter "M" will come up in the middle, the exact middle, of each correct response.)
STATE BIRDS
ENTERTAINERS
CNN RELIGION
    $400 30
the Supreme Court

Arthur
    $400 25
(Alex: That's right, with less than a minute to go.)

The Hunt for Red October

Arthur
    $400 28
incumbent

Arthur
    $400 29
the roadrunner

Arthur
    $400 1
W.C. Fields

Arthur
    $400 27
Hinduism

Arthur
    $800 24
Fort Knox

Claire
    $800 6
George Burns

Arthur
    $800 21
imp

Arthur
    $800 26
(Chris: What is the... oriole?)
(Alex: Be more specific.)
(Chris: What is the black oriole?)
...
(Alex: What is the [*]? It makes sense, doesn't it, when you hear it.)
(Chris: Yes it does.)

the Baltimore oriole

Chris
Triple Stumper
    $800 19
Harry Houdini

Arthur
    $10,000 22
Pope Francis

Arthur
    $1200 23
a pyramid

Arthur
    $1200 5
Mississippi

Chris
    $1200 16
reformatory

Triple Stumper
    $1200 13
a mockingbird

Arthur
    $1200 17
Jane Lynch

Claire
    $1200 20
Buddha

Arthur
    $1600 18
markup

Triple Stumper
    $1600 4
Christine

Claire
    $1600 11
catamaran

Arthur
    $1600 8
Louisiana

Arthur
    $1600 9
(Alex: Still going strong. His name is [*].)

Harry Dean Stanton

Triple Stumper
    $1600 12
fundamentalism

Arthur
    $5,000 10
the Department of Education

Arthur
    $2000 3
Clan of the Cave Bear

Chris
    $2000 7
bramble

Triple Stumper
    $2000 2
meadowlark

Triple Stumper
    $2000 14
a disc jockey

Arthur
    $2000 15
(Chris: Who is Solomon?)

David

ArthurChris

Scores at the end of the Double Jeopardy! Round:

Arthur Chris Claire
$44,200 $1,800 $6,000
(lock game)

[wagering suggestions for these scores]

Final Jeopardy! Round responses

LANDMARKS
ChrisWhat is the Hoover Dam?
$1,798
ClaireWhat is Hoover Dam
$2,000
ArthurWhat is Hoover Dam
$14,000
Hoover Dam

Final scores:

Arthur Chris Claire
$58,200 $3,598 $8,000
8-day champion: $238,200 3rd place: $1,000 2nd place: $2,000

Game dynamics:

Coryat scores:

Arthur Chris Claire
$27,200 $1,800 $6,000
33 R
(including 3 DDs),
1 W
6 R,
3 W
7 R,
1 W

Combined Coryat: $35,000

The J! Archive is created by fans, for fans. The Jeopardy! game show and all elements thereof, including but not limited to copyright and trademark thereto, are the property of Jeopardy Productions, Inc. and are protected under law. This website is not affiliated with, sponsored by, or operated by Jeopardy Productions, Inc. Join the discussion at JBoard.tv.